| 000 | 00752nam a22002057a 4500 | ||
|---|---|---|---|
| 999 |
_c176255 _d176255 |
||
| 005 | 20201207162227.0 | ||
| 010 | _aENG-128630 | ||
| 020 |
_a978-93-89354-08-9 _c350.00 |
||
| 035 | _aEN-112162 | ||
| 037 | _bDBAD/PUB | ||
| 082 | _a615.1901 | ||
| 100 | _aBadwaik, Hemant R. | ||
| 245 |
_aIntroduction to Pharmaceutical Analysis/ _cHemant R. Badwaik, Shiv Shankar Shukla, and D. K. Tripathi |
||
| 260 |
_aHyderabad _bBS Publications _c2020 |
||
| 270 |
_bHyderabad _e500095 _a4-4-309/316, Giriraj Lane, Sultan Bazar, Hyderabad _minfo@pharmamedpress.com _k040-23445688, 23445600 |
||
| 300 |
_axii+277p. _c24cm(pbk) _bIncluding Index. |
||
| 700 | _aShukla, Shiv Shankar | ||
| 700 | _aTripathi, D. K. | ||
| 942 |
_2ddc _cEN _h615.1901 _mBAD |
||